000 00316nam a2200121Ia 4500
005 20251222143300.0
008 251222s9999||||xx |||||||||||||| ||spa||
082 _a657.1/L52/T.II
100 _aLeturia Podestá, Carlos
245 0 _aLa Dinámica del Plan Contable General
264 _bEditorial Norte
942 _cLIB
999 _c15284
_d15284